000 00659nam a2200181Ia 4500
008 151018s9999 xx 000 0 und d
082 _bRBASDV45875
_a954
100 _aमहावीरप्रसाद द्विवेदी
245 _aअतीत के झरोखे
250 _b1
260 _bअनुराग प्रकाशन
_c2006
300 _a94
600 _aमहावीरप्रसाद द्विवेदी
630 _aअतीत के झरोखे
700 _aमहावीरप्रसाद द्विवेदी
730 _aअतीत के झरोखे
942 _cBOOK
999 _c1045051
_d1045048